000 00402nam a2200145Ia 4500
008 231129s1995||||xx |||||||||||||| ||spa||
020 _a84-253-2229-4
040 _bspa
082 _a920 M392c
100 _aMarx Groucho
245 0 _aCon amor Groucho: Cartas a su hija
260 _c1995
264 _aBarcelona EspaƱa : Grijalbo mondadori
942 _2ddc
_cBKS
999 _c7813
_d7813